Statistiques concernant Septembre

Cliquez ici pour prendre le quiz!

Statistiques générales

  • Ce quiz a été pris 52 fois
  • Le résultat moyen est 8 sur 12

Statistiques - réponses

QuestionsRéponses% Correct
Il y a __ jours dans le mois de septembre30
100%
Le 20 ou le 21 septembre débute l’_________Automne
100%
Dans les calendriers grégoriens et julien septembre est le ______ mois de l’année.Neuvième
94%
En septembre, il y a la rentrée ______.Scolaire
94%
Le nom septembre bien du latin september qui vient du mot septem signifiant, en français, ____. Ce nom est dû au fait qu’avant l’apparition du calendrier julien, il n’y avait que dix mois dans l’année. Cela indique donc la place du mois de septembre dans les anciens calendriers sachant que l’année commençait en mars.Sept
82%
La ________ _________ _________ a débuté le premier septembre 1939, et s’est achevée le 02 septembre 1945.Seconde Guerre Mondiale
78%
Septembre est aussi le mois de la cueillette: des fruits mûrs, des ________ (cueillette des raisins), des premiers champignons et de l’ouverture de la chasse.Vendanges
73%
Le ______ est la couleur du mois de septembreRouge
59%
Le troisième week-end de septembre, il y a les Journées Européennes du _________.Patrimoine
45%
Le dicton du mois de septembre est « À la Saint-Michel, automne en fleur, ______ de rigueur. »Hiver
31%
Le ______ est la pierre associée au mois de septembre.Saphir
20%
L’_______ est la fleur associée au mois de septembre.Aster
2%

Distribution des résultats

Percentile par nombre de réponses

% des personnes avec chaque résultat

Votre développement - résultats

Vous n’avez pas pris ce quiz